000 00369nam a22001337a 4500
020 _qPB.
040 _cFIZZA ISHAQ
082 _a686.2
_bCOL.
100 _aKHAN,MUHAMMAD COL.
_946978
245 _aHISTORY OF INDIAN ARCHECTURE BUDDHIST JAIN AND HINDU PERIOD PB 2014 /
_cCOL.MUHAMMAD KHAN.
260 _aCBS PUBLISHER ;
_c2014.
300 _a160 P. ;
942 _2ddc
_cBK
999 _c589841
_d589841